00920cam a2200229 a 450000100100000000500170001000800410002702000150006804000180008308200190010110000360012024500960015626000620025230000360031450400530035060000310040365000510043470000340048591000340051995201220055399900150067500000213820200929145839.0911218s1992 waua b 001 0beng  a0943235057 aDO-SdBNPcDLC a923.173bB978T1 aTarpley, Webster Griffin.9685010aGeorge Bush :bthe unauthorized biography /cby Webster Griffin Tarpley and Anton Chaitkin. aWashington, D.C. :bExecutive Intelligence Review,c1992. aviii, [664] p. :bil. ;c21 cm. aIncluye referencias bibliográficas e índice.10aBUSH, GEORGE,d1924-96851 4aPresidenteszEstados UnidosxBiografía937141 aChaitkin, Anton,d1943-96852 aCatalogación por copia / LC 001052708MOaGRbGRcHDd2009-07-06iLF1l0o923.173 B978Tp2138-10r2020-06-25w2020-06-25y2ZPréstamo interno c1990d1990